| 000 | 00697nam a2200217Ia 4500 | ||
|---|---|---|---|
| 003 | GCL | ||
| 008 | 140319s9999 xx 000 0 ara d | ||
| 020 | _a1097334977 | ||
| 040 |
_aGCL / _cGCL |
||
| 082 | 0 | 4 |
_a296.12 _bش ت |
| 100 | 1 | _aليلى ابراهيم ابوالمجد | |
| 245 | 1 | 0 |
_aالتلمود اصله وتسلسله وادابه / _cليلى ابراهيم ابوالمجد |
| 700 | 1 | _aشمعون مويال | |
| 250 | _aالاولى | ||
| 260 |
_aالقاهرة : _bالدار الثقافية للنشر ، _c2004 |
||
| 300 |
_a207 ص ؛ _c20 سم |
||
| 650 | 0 | 4 | _aاليهودية |
| 650 | 0 | 4 | _aالتلمود |
| 650 | 0 | 4 | _aالتلمود- اساطير |
| 942 |
_2ddc _cBK |
||
| 999 |
_c7496 _d7496 |
||